Опыты присоединения синильной кислоты к левому ментону; Журнал Русского физико-химического общества. Часть химическая; Т. 36

Bibliographic Details
Parent link:Журнал Русского физико-химического общества. Часть химическая
Т. 36.— 1904.— С. 30
Main Author: Кижнер Н. М.
Language:Russian
Published: 1904
Subjects:
Format: MixedMaterials Book Chapter
KOHA link:https://koha.lib.tpu.ru/cgi-bin/koha/opac-detail.pl?biblionumber=591290

MARC

LEADER 00000naa0a2200000 4500
001 591290
005 20250103162439.0
035 |a (RuTPU)RU\TPU\tpu\1429 
035 |a TPU00001429 
090 |a 591290 
100 |a 20011210d1904 k||y0rusy50 ca 
101 0 |a rus 
102 |a RU 
200 1 |a Опыты присоединения синильной кислоты к левому ментону  |f Н. М. Кижнер 
461 |t Журнал Русского физико-химического общества. Часть химическая 
463 |t Т. 36  |v С. 30  |d 1904 
610 1 |a химические науки 
610 1 |a труды учёных ТПУ 
700 1 |a Кижнер  |b Н. М. 
801 0 |a RU  |b 63413507  |c 20011210  |g PSBO 
801 2 |a RU  |b 63413507  |c 20051206  |g PSBO 
942 |c CR